Elementary sociology / (Record no. 16173)

MARC details
000 -LEADER
fixed length control field 00659nam a22002177a 4500
008 - FIXED-LENGTH DATA ELEMENTS--GENERAL INFORMATION
fixed length control field 231015b |||||||| |||| 00| 0 eng d
017 ## - LEGAL DEPOSIT NUMBER
Legal deposit number LD. 0696
018 ## - LEGAL DEPOSIT YEAR
LDD Year SUP. 2023
020 ## - INTERNATIONAL STANDARD BOOK NUMBER
ISBN 9789789832712
040 ## - CATALOGING SOURCE
Original cataloging agency NLN
Language of cataloging English
Description conventions AACR2
100 ## - MAIN ENTRY--AUTHOR
Author BAMMEKE, M. B.
Relator term aut
245 ## - TITLE STATEMENT
Title Elementary sociology /
Statement of responsibility, etc M. B. Bammeke
260 ## - PUBLICATION, DISTRIBUTION, ETC. (IMPRINT)
Place of publication Offa, Kwara State ( 6, Goodies Patio Road, Avalon Hotel Area ) :
Name of publisher Correctman Commercial Press,
Date of publication 2020
300 ## - COLLATION
Pagination vii, 89. ;
Other physical details 20cm
500 ## - GENERAL NOTE
General note Bibliography : p. 81-83
563 ## - BINDING INFORMATION
Binding note (Pbk.)
650 ## - TRACINGS
Main Subject Sociology
Subdivision (1st) Study and teaching
942 ## - ADDED ENTRY ELEMENTS (KOHA)
Item type Books
Suppress in OPAC No
050 ## - LIBRARY OF CONGRESS CALL NUMBER
Classification number HM571
Item number .B199
082 ## - DEWEY DECIMAL CLASSIFICATION NUMBER
Classification number 301
Holdings
Source of classification or shelving scheme Not for loan Home library Current library Date acquired Mode of acquisition Accession No. Full call number Barcode. Copy number Koha item type
Library of Congress Classification   IBADAN BRANCH LIBRARY National Library of Nigeria 30/05/2023 Legal deposit 001372 HM571 .B199 001372 1 Books
Library of Congress Classification   ILORIN BRANCH National Library of Nigeria 30/05/2023 Legal deposit 001373 HM571 .B199 001373 1 Books

National Library of Nigeria OPAC is powered by Koha